[Event "EU-Cup 21st"]
[Site "Saint Vincent"]
[Date "2005.09.21"]
[Round "4.3"]
[White "Reyhan, Dogan Heval"]
[Black "Schneider, Stefan"]
[Result "1-0"]
[WhiteElo "2265"]
[BlackElo "2317"]
[PlyCount "59"]
[EventDate "2005.09.18"]
[EventType "team-swiss"]
[EventRounds "7"]
[EventCountry "ITA"]
[SourceTitle "CBM 110"]
[Source "ChessBase"]
[SourceDate "2006.01.31"]
[SourceVersion "1"]
[SourceVersionDate "2006.01.31"]
[SourceQuality "1"]
[WhiteTeam "Marmaris"]
[BlackTeam "Malmo"]
[WhiteTeamCountry "TUR"]
[BlackTeamCountry "SWE"]

1. e4 c5 2. Nf3 e6 3. d4 cxd4 4. Nxd4 a6 5. Nc3 Qc7 6. Bd3 Nf6 7. 0-0 Bc5 8. Nb3 Be7 9. f4 d6 10. a4 b6 11. e5 Nfd7 12. Qg4 g6 13. exd6 Bxd6 14. Be3 Nc6 15. Rae1 Nf6 16. Qh4 Be7 17. f5 gxf5 18. Bg5 Ng4 19. Bxf5 Bxg5 20. Qxg4 Rg8 21. Qh5 Rg7 22. Nd5 Qb7 23. Bxe6 Bxe6 24. Rxe6+ Kf8 25. Qf3 Rb8 26. Re2 Rg6 27. Re7 Qxe7 28. Nxe7 Rf6 29. Qxf6 Bxf6 30. Nxc6 1-0

[Event "EU-Cup 21st"]
[Site "Saint Vincent"]
[Date "2005.09.18"]
[Round "1.3"]
[White "Reyhan, Dogan Heval"]
[Black "Moiseenko, Alexander"]
[Result "0-1"]
[WhiteElo "2265"]
[BlackElo "2664"]
[PlyCount "48"]
[EventDate "2005.09.18"]
[EventType "team-swiss"]
[EventRounds "7"]
[EventCountry "ITA"]
[SourceTitle "CBM 110"]
[Source "ChessBase"]
[SourceDate "2006.01.31"]
[SourceVersion "1"]
[SourceVersionDate "2006.01.31"]
[SourceQuality "1"]
[WhiteTeam "Marmaris"]
[BlackTeam "Ashdod"]
[WhiteTeamCountry "TUR"]
[BlackTeamCountry "ISR"]

1. e4 g6 2. d4 Bg7 3. Nc3 d6 4. Be3 Nf6 5. f3 Nbd7 6. Qd2 c6 7. g4 b5 8. g5 Nh5 9. Nge2 b4 10. Nd1 e5 11. Bg2 0-0 12. d5 cxd5 13. exd5 Nb6 14. 0-0 Nc4 15. Qxb4 Nxe3 16. Nxe3 Qxg5 17. f4 exf4 18. Nxf4 Be5 19. Nxh5 Qxe3+ 20. Kh1 gxh5 21. Qh4 Qh6 22. Bf3 Kh8 23. Bxh5 f5 24. Rae1 Bd7 0-1

[Event "TUR-ch"]
[Site "Kusadasi"]
[Date "2004.03.07"]
[Round "12"]
[White "Sengul, Cengiz"]
[Black "Reyhan, Dogan Heval"]
[Result "1/2-1/2"]
[WhiteElo "2072"]
[BlackElo "2213"]
[PlyCount "237"]
[EventDate "2004.02.28"]
[EventType "swiss"]
[EventRounds "12"]
[EventCountry "TUR"]
[SourceTitle "CBM 099 Extra"]
[Source "ChessBase"]
[SourceDate "2004.05.04"]
[SourceVersion "1"]
[SourceVersionDate "2004.05.04"]
[SourceQuality "1"]

1. Nf3 Nf6 2. c4 d6 3. d4 g6 4. g3 Bg7 5. Bg2 0-0 6. 0-0 Nc6 7. d5 Na5 8. Nfd2 c5 9. Nc3 a6 10. Qc2 Rb8 11. b3 b5 12. Bb2 Bh6 13. f4 bxc4 14. Nxc4 Nxc4 15. bxc4 Bg7 16. Rfb1 Ng4 17. Nd1 Rxb2 18. Rxb2 Bd4+ 19. e3 Nxe3 20. Nxe3 Bxe3+ 21. Kf1 Bf5 22. Be4 Bh3+ 23. Bg2 Bxg2+ 24. Kxg2 Bd4 25. Rab1 Bxb2 26. Qxb2 Qd7 27. Qe2 Re8 28. Rb6 Qa4 29. Rb7 e6 30. dxe6 Rxe6 31. Rb8+ Kg7 32. Qb2+ f6 33. f5 Re7 34. Qb3 Qc6+ 35. Kh3 gxf5 36. Qd3 Qe4 37. Qxe4 Rxe4 38. Rb6 Rxc4 39. Rxd6 Ra4 40. Rd7+ Kg6 41. Rc7 c4 42. a3 Rxa3 43. Rxc4 Ra2 44. Rc7 a5 45. Ra7 a4 46. Ra5 h6 47. Ra7 a3 48. Ra5 Ra1 49. Ra7 Ra2 50. Ra5 h5 51. Ra7 Kh6 52. Ra4 Kg6 53. Ra7 Kh6 54. Ra5 Kg5 55. Ra4 Kg6 56. Ra7 f4 57. gxf4 Kf5 58. Ra4 Ke6 59. Ra5 Kd6 60. Rxh5 Rf2 61. Kg3 Rd2 62. Ra5 a2 63. h4 f5 64. h5 Ke6 65. Ra6+ Kf7 66. Ra7+ Kg8 67. h6 Rb2 68. Kf3 Rb3+ 69. Kg2 Rb2+ 70. Kf3 Rb3+ 71. Kg2 Rb2+ 72. Kf3 Kh8 73. Kg3 Rc2 74. Kf3 Rh2 75. Kg3 Rd2 76. Kf3 Rd3+ 77. Kg2 Rd2+ 78. Kg3 Kg8 79. Kf3 Rh2 80. Kg3 Re2 81. Kf3 Rb2 82. Kg3 Kh8 83. Kh3 Rf2 84. Kg3 Re2 85. Kf3 Rd2 86. Kg3 Kg8 87. Kh3 Rd3+ 88. Kh4 Rd2 89. Kg5 Rh2 90. Kxf5 Rxh6 91. Rxa2 Rb6 92. Ra7 Kf8 93. Kg5 Rb5+ 94. f5 Rb6 95. Rd7 Ra6 96. Kf4 Rb6 97. Ke5 Ra6 98. Rd5 Rb6 99. Kf4 Ra6 100. Kg5 Rb6 101. Rc5 Ra6 102. Rc4 Rb6 103. Re4 Ra6 104. Rh4 Rb6 105. Rh8+ Kg7 106. Rc8 Ra6 107. Rc7+ Kf8 108. Rc4 Rb6 109. Re4 Ra6 110. Re6 Rxe6 111. fxe6 Ke7 112. Kf5 Ke8 113. Ke4 Ke7 114. Kd5 Ke8 115. Ke5 Ke7 116. Kf5 Ke8 117. Kf6 Kf8 118. e7+ Ke8 119. Ke6 1/2-1/2